An outline of the law of contract and tort

Bibliographic Details
Main Author: Robb, G.G.G
Other Authors: Brookes, John P.
Format: Book
Published: London : The Estate gazette limited , 1970
Edition:4th edition
Subjects:

MARC

LEADER 00000cam a2200000 7i4500
001 0000007832
005 20161207.0
040 |a INS 
090 0 0 |a KD1554   |b R63 1970 
100 1 |a Robb, G.G.G. 
245 1 3 |a An outline of the law of contract and tort   |c G.G.G.Robb, John Brookkes 
250 |a 4th edition 
260 |a London :   |b The Estate gazette limited ,   |c 1970 
300 |a 267p ;   |c 22 cm. 
650 0 0 |a Contract and tort 
700 1 |a Brookes, John P. 
999 |a 0000023991   |b BOOK   |c Open Shelf   |e Default branch